Drapeaux pays Amérique du Nord+Centrale aléatoire - Statistiques

Statistiques générales
  • Ce quiz a été pris 598 fois
  • Le résultat moyen est 14 sur 22
Statistiques - réponses
Par images Réponse % Correct
Canada
92%
Mexique
91%
Jamaïque
90%
États-Unis
89%
Cuba
79%
Panama
78%
Honduras
74%
Costa Rica
68%
Nicaragua
68%
Guatemala
65%
République dominicaine
63%
Belize
62%
Salvador
62%
Haïti
61%
Sainte-Lucie
61%
Bahamas
59%
Grenade
50%
Dominique
48%
Saint-Vincent-et-les-Grenadines
37%
Antigua-et-Barbuda
36%
Saint-Christophe-et-Niévès
31%
Barbados
22%
Aucun quiz correspondant
Distribution des résultats
% des personnes avec chaque résultat
Percentile par nombre de réponses
Votre historique - résultats
Vous n’avez pas pris ce quiz